000 00933nas a2200289 4500
001 BR0100502
003 BR-BrBNA
005 20231205102024.0
007 ta
008 230509b bl.|||p| |||| 00| 00por d
040 _aBR-BrBNA
_bpor
_cBiblioteca Nacional de Agricultura
041 _a(En)
072 _aP33
100 1 _aLevien, R.
100 1 _aLeir, Q. de J. van
100 1 _aAlves, A.G.C.
245 1 _aInfluence of surface crust on water infiltration rates measured by a rotating-boom rainfall simulator and a double-cylinder device
650 _aAgua do Solo
650 _aInfiltracao
650 _aInfiltrometro
650 _aDeterioracao do Solo
650 _aErosao do Solo
650 _aSimulador de Chuva
773 0 _tRevista Brasileira de Ciencia do Solo (Brazil)
_xISSN 0100-0683
_g(Jul-Sep 2000), v. 24(3) p. 479-486
_wBR0100502
909 _a202311
_bLúcia
_c55
_dLúcia Elande
942 _2AGRIS
_n0
_cANA
999 _c165304
_d165304